书目信息 |
| 题名: |
颜料生产技术
|
|
| 作者: | 韩长日 , 宋小平 主编 | |
| 分册: | ||
| 出版信息: | 北京 科学出版社 2014 |
|
| 页数: | 414页 | |
| 开本: | 24cm | |
| 丛书名: | 精细化工产品生产技术丛书 | |
| 单 册: | ||
| 中图分类: | TQ620.6 | |
| 科图分类: | ||
| 主题词: | 颜料--生产技术 , 颜料 | |
| 电子资源: | ||
| ISBN: | 978-7-03-040104-5 | |
| 000 | 00927nam0 2200277 450 | |
| 001 | 012015000533 | |
| 005 | 20150914090020.71 | |
| 010 | @a978-7-03-040104-5@dCNY88.00 | |
| 100 | @a20140429d2014 em y0chiy50 ea | |
| 101 | 0 | @achi |
| 102 | @aCN@b110000 | |
| 105 | @ay z 000yy | |
| 106 | @ar | |
| 200 | 1 | @a颜料生产技术@Ayan liao sheng chan ji shu@f韩长日,宋小平主编 |
| 210 | @a北京@c科学出版社@d2014 | |
| 215 | @a414页@d24cm | |
| 225 | 1 | @a精细化工产品生产技术丛书 |
| 330 | @a本书系统地介绍不同颜色有机颜料和无机颜料的性能、生产原理、工艺流程、技术配方、生产设备、生产工艺、产品标准、产品用途等产品生产技术信息。 | |
| 461 | 0 | @12001 @a精细化工产品生产技术丛书 |
| 606 | 0 | @a颜料@x生产技术 |
| 606 | 0 | @a颜料 |
| 690 | @aTQ620.6@v5 | |
| 701 | 0 | @a韩长日@Ahan chang ri@f(1955~)@4主编 |
| 701 | 0 | @a宋小平@Asong xiao ping@c(女,@f1957~)@4主编 |
| 801 | 0 | @aCN@b碧洲教育@c20150716 |
| 905 | @a10447@f4@dTQ620.6@e48 | |
| 颜料生产技术/韩长日,宋小平主编.-北京:科学出版社,2014 |
| 414页;24cm.-(精细化工产品生产技术丛书) |
| ISBN 978-7-03-040104-5:CNY88.00 |
| 本书系统地介绍不同颜色有机颜料和无机颜料的性能、生产原理、工艺流程、技术配方、生产设备、生产工艺、产品标准、产品用途等产品生产技术信息。 |
| ● |
| 相关链接 |
|
|
|
|
正题名:颜料生产技术
索取号:TQ620.6/48
 
预约/预借
| 序号 | 登录号 | 条形码 | 馆藏地/架位号 | 状态 | 备注 |
| 1 | 0849000 | 208490006 | 第二样本阅览室/ [索取号:TQ620.6/48] | 在馆 | |
| 2 | 0849001 | 208490015 | 第三借阅区/ [索取号:TQ620.6/48] | 在馆 | |
| 3 | 0849002 | 208490024 | 第三借阅区/ [索取号:TQ620.6/48] | 在馆 | |
| 4 | 0849003 | 208490033 | 密集书库-化学系/ [索取号:TQ620.6/48] | 在馆 |